Mixed Word: 5 Letter A-Z X Quiz Stats

 Plays Quiz Updated Oct 26, 2018

Challenge
Share
Tweet
Embed
Score 0/26 Timer 02:00
2 Plays Today
Mixed Word Answer % Correct
OKCLCCLOCK
98.3%
REBRYBERRY
98%
OMAMBMAMBO
93.2%
PEGARGRAPE
93.2%
DUNOHHOUND
91.7%
SKALFFLASK
91.3%
LEEXIEXILE
90.6%
JERKOJOKER
90.1%
EGODDDODGE
88.6%
YEUQRQUERY
87.7%
NEPACPECAN
87.1%
XINDEINDEX
84.7%
REDUNUNDER
84.2%
Mixed Word Answer % Correct
TRISKSKIRT
82.9%
STEWAWASTE
79.3%
NIVAAAVIAN
73.6%
RELASLASER
71.1%
LONLKKNOLL
66.6%
MIPOUOPIUM
66.6%
NITTATITAN
66.5%
GOVIRVIRGO
60%
CUCYAYUCCA
50.8%
XESNUNEXUS
42.7%
LEMARREALM
35.7%
LAXYNXYLAN
24.3%
NIZAYZAYIN
15.4%

You're not logged in!

Compare scores with friends on all Sporcle quizzes.
OR
Log In

You Might Also Like...

Show Comments

Extras

Top Quizzes Today


Score Distribution

Your Account Isn't Verified!

In order to create a playlist on Sporcle, you need to verify the email address you used during registration. Go to your Sporcle Settings to finish the process.

Report this User

Report this user for behavior that violates our Community Guidelines.

Details: